Word Ladder: Westworld Quiz Stats

 Plays Quiz Updated Aug 8, 2018

Score 0/26 Timer 03:00
0 Plays Today
Clue 4-Letter Word % Correct
A jacketCOAT
94.4%
Lion's neck furMANE
94.3%
Golf exclamationFORE
93.4%
UnaccompaniedLONE
93%
To graspHOLD
92.6%
Silly personFOOL
92.5%
Swiss cheese featureHOLE
92.3%
Young horseFOAL
91.4%
Possessive case of IMINE
91.2%
A queueLINE
90.9%
Dusty energy sourceCOAL
90.5%
Nutriment in solid formFOOD
89.5%
Park founder Robert•FORD•
89%
Clue 4-Letter Word % Correct
Traditional knowledgeLORE
88.9%
Amount to be paidCOST
88.5%
Vehicle engine coveringHOOD
86.4%
To sharpenHONE
85.1%
Red Wings legend GordieHOWE
71.5%
Programming Head Bernard•LOWE•
69.7%
Dolores portrayer Evan Rachel•WOOD•
66.7%
Ep.10 The Bicameral _____•MIND•
53.4%
Former Blue Jays 1B AdamLIND
50.4%
Generic welcoming Westworld robot citizen•HOST•
46.8%
Delos' Bigwig Charlotte•HALE•
43.5%
The path to consciousness•MAZE•
35.2%
A murky atmosphereHAZE
33.9%

Today's Daily Dose

Missing Word
Sherlocks

Word Ladder
King of the Hill

Quick Pick
Songs in Pink

Get the Picture
NBA Teammates

You're not logged in!

Compare scores with friends on all Sporcle quizzes.
OR
Log In

Sporcle TV

Today on Sporcle TV


Watch our educational content, quiz creation guides, and fun videos on Sporcle TV.

Show Comments

Extras

Top Quizzes Today


Score Distribution

Your Account Isn't Verified!

In order to create a playlist on Sporcle, you need to verify the email address you used during registration. Go to your Sporcle Settings to finish the process.

Report this User

Report this user for behavior that violates our Community Guidelines.

Details: